| 000 -LEADER |
| fixed length control field |
01723cam a2200433 a 4500 |
| 001 - CONTROL NUMBER |
| control field |
14535894 |
| 003 - CONTROL NUMBER IDENTIFIER |
| control field |
Nust |
| 005 - DATE AND TIME OF LATEST TRANSACTION |
| control field |
20220829114346.0 |
| 008 - FIXED-LENGTH DATA ELEMENTS--GENERAL INFORMATION |
| fixed length control field |
060906s2006 nyuab 000 1 eng |
| 010 ## - LIBRARY OF CONGRESS CONTROL NUMBER |
| LC control number |
2006029539 |
| 020 ## - INTERNATIONAL STANDARD BOOK NUMBER |
| International Standard Book Number |
9780425216224 |
| 020 ## - INTERNATIONAL STANDARD BOOK NUMBER |
| International Standard Book Number |
9780399153693 |
| 035 ## - SYSTEM CONTROL NUMBER |
| System control number |
(OCoLC)ocm71275614 |
| 040 ## - CATALOGING SOURCE |
| Original cataloging agency |
DLC |
| Transcribing agency |
DLC |
| Modifying agency |
BAKER |
| -- |
WIQ |
| -- |
C#P |
| -- |
VP@ |
| -- |
YDX |
| -- |
YDXCP |
| -- |
DLC |
| 050 00 - LIBRARY OF CONGRESS CALL NUMBER |
| Classification number |
PS3553.U75 |
| Item number |
T74 2006 |
| 082 00 - DEWEY DECIMAL CLASSIFICATION NUMBER |
| Classification number |
823 |
| Author Mark |
CUS |
| 100 1# - MAIN ENTRY--PERSONAL NAME |
| Personal name |
Cussler, Clive. |
| 9 (RLIN) |
12104 |
| 245 10 - TITLE STATEMENT |
| Title |
Treasure of Khan / |
| Statement of responsibility, etc. |
Clive Cussler and Dirk Cussler. |
| 260 ## - PUBLICATION, DISTRIBUTION, ETC. |
| Place of publication, distribution, etc. |
New York : |
| Name of publisher, distributor, etc. |
G.P. Putnam's Sons, |
| Date of publication, distribution, etc. |
2006. |
| 300 ## - PHYSICAL DESCRIPTION |
| Extent |
464 p. : |
| Other physical details |
ill., map ; |
| Dimensions |
24 cm. |
| 490 1# - SERIES STATEMENT |
| Series statement |
Dirk Pitt adventures by Clive Cussler |
| 500 ## - GENERAL NOTE |
| General note |
Map on lining papers. |
| 600 10 - SUBJECT ADDED ENTRY--PERSONAL NAME |
| Personal name |
Pitt, Dirk |
| Titles and other words associated with a name |
(Fictitious character) |
| Form subdivision |
Fiction. |
| 9 (RLIN) |
12112 |
| 600 00 - SUBJECT ADDED ENTRY--PERSONAL NAME |
| Personal name |
Genghis Khan, |
| Dates associated with a name |
1162-1227 |
| Form subdivision |
Fiction. |
| 9 (RLIN) |
98568 |
| 650 #0 - SUBJECT ADDED ENTRY--TOPICAL TERM |
| Topical term or geographic name entry element |
Oceanographers |
| Form subdivision |
Fiction. |
| 9 (RLIN) |
98569 |
| 650 #0 - SUBJECT ADDED ENTRY--TOPICAL TERM |
| Topical term or geographic name entry element |
Oil industries |
| Form subdivision |
Fiction. |
| 9 (RLIN) |
98570 |
| 650 #0 - SUBJECT ADDED ENTRY--TOPICAL TERM |
| Topical term or geographic name entry element |
Mongols |
| Form subdivision |
Fiction. |
| 9 (RLIN) |
98571 |
| 650 #0 - SUBJECT ADDED ENTRY--TOPICAL TERM |
| Topical term or geographic name entry element |
Treasure troves |
| Form subdivision |
Fiction. |
| 9 (RLIN) |
12161 |
| 651 #0 - SUBJECT ADDED ENTRY--GEOGRAPHIC NAME |
| Geographic name |
Mongolia |
| Form subdivision |
Fiction. |
| 9 (RLIN) |
98572 |
| 651 #0 - SUBJECT ADDED ENTRY--GEOGRAPHIC NAME |
| Geographic name |
Russia (Federation) |
| Form subdivision |
Fiction. |
| 9 (RLIN) |
10849 |
| 655 #7 - INDEX TERM--GENRE/FORM |
| Genre/form data or focus term |
Adventure fiction. |
| Source of term |
gsafd |
| 9 (RLIN) |
5620 |
| 700 1# - ADDED ENTRY--PERSONAL NAME |
| Personal name |
Cussler, Dirk. |
| 9 (RLIN) |
98573 |
| 800 1# - SERIES ADDED ENTRY--PERSONAL NAME |
| Personal name |
Cussler, Clive. |
| Title of a work |
Dirk Pitt adventure. |
| 9 (RLIN) |
98574 |
| 856 42 - ELECTRONIC LOCATION AND ACCESS |
| Materials specified |
Contributor biographical information |
| Uniform Resource Identifier |
<a href="http://www.loc.gov/catdir/enhancements/fy0717/2006029539-b.html">http://www.loc.gov/catdir/enhancements/fy0717/2006029539-b.html</a> |
| 856 42 - ELECTRONIC LOCATION AND ACCESS |
| Materials specified |
Publisher description |
| Uniform Resource Identifier |
<a href="http://www.loc.gov/catdir/enhancements/fy0717/2006029539-d.html">http://www.loc.gov/catdir/enhancements/fy0717/2006029539-d.html</a> |
| 906 ## - LOCAL DATA ELEMENT F, LDF (RLIN) |
| a |
7 |
| b |
cbc |
| c |
orignew |
| d |
1 |
| e |
ecip |
| f |
20 |
| g |
y-gencatlg |
| 942 ## - ADDED ENTRY ELEMENTS (KOHA) |
| Source of classification or shelving scheme |
|
| Koha item type |
Book |